<?xml version="1.0" encoding="UTF-8"?>
<record
    xmlns:xsi="http://www.w3.org/2001/XMLSchema-instance"
    xsi:schemaLocation="http://www.loc.gov/MARC21/slim http://www.loc.gov/standards/marcxml/schema/MARC21slim.xsd"
    xmlns="http://www.loc.gov/MARC21/slim">

  <leader>00886nam a2200289 a 4500</leader>
  <datafield tag="999" ind1=" " ind2=" ">
    <subfield code="c">23449</subfield>
    <subfield code="d">23449</subfield>
  </datafield>
  <controlfield tag="001">vtls010681499</controlfield>
  <controlfield tag="005">20221011074231.0</controlfield>
  <controlfield tag="008">160430s2015    xo     g      000 f slo  </controlfield>
  <datafield tag="020" ind1=" " ind2=" ">
    <subfield code="a">9788055144269 (viaz.)</subfield>
  </datafield>
  <datafield tag="035" ind1=" " ind2=" ">
    <subfield code="a">73658D5D-AD04-40BF-950B-D4C92BBFE41E</subfield>
  </datafield>
  <datafield tag="035" ind1=" " ind2=" ">
    <subfield code="a">urn:nbn:sk:snk-amjzsu</subfield>
  </datafield>
  <datafield tag="035" ind1=" " ind2=" ">
    <subfield code="a">urn:nbn:sk:snk-am005c0r</subfield>
  </datafield>
  <datafield tag="040" ind1=" " ind2=" ">
    <subfield code="a">SNK</subfield>
    <subfield code="b">slo</subfield>
    <subfield code="c">SNK</subfield>
    <subfield code="e">AACR2</subfield>
  </datafield>
  <datafield tag="041" ind1="0" ind2=" ">
    <subfield code="a">slo</subfield>
  </datafield>
  <datafield tag="044" ind1=" " ind2=" ">
    <subfield code="a">xo</subfield>
    <subfield code="c">SK</subfield>
  </datafield>
  <datafield tag="072" ind1=" " ind2="7">
    <subfield code="a">821.162.4-3</subfield>
    <subfield code="x">Slovensk&#xE1; pr&#xF3;za</subfield>
    <subfield code="2">konspekt</subfield>
  </datafield>
  <datafield tag="080" ind1=" " ind2=" ">
    <subfield code="a">821.162.4-31</subfield>
    <subfield code="2">2001</subfield>
  </datafield>
  <datafield tag="100" ind1="1" ind2=" ">
    <subfield code="a">Keleov&#xE1;-Vasilkov&#xE1;, T&#xE1;&#x148;a,</subfield>
    <subfield code="d">1964-</subfield>
    <subfield code="9">2015</subfield>
  </datafield>
  <datafield tag="245" ind1="1" ind2="0">
    <subfield code="a">Man&#x17E;elky</subfield>
    <subfield code="c">T&#xE1;&#x148;a Keleov&#xE1;-Vasilkov&#xE1;</subfield>
  </datafield>
  <datafield tag="250" ind1=" " ind2=" ">
    <subfield code="a">2. vyd.</subfield>
  </datafield>
  <datafield tag="260" ind1=" " ind2=" ">
    <subfield code="a">Bratislava</subfield>
    <subfield code="b">Ikar</subfield>
    <subfield code="c">2015</subfield>
  </datafield>
  <datafield tag="300" ind1=" " ind2=" ">
    <subfield code="a">319 s.</subfield>
    <subfield code="c">21 cm</subfield>
  </datafield>
  <datafield tag="655" ind1=" " ind2="7">
    <subfield code="a">slovensk&#xE9; rom&#xE1;ny</subfield>
    <subfield code="2">SNKPH</subfield>
    <subfield code="9">1694</subfield>
  </datafield>
  <datafield tag="655" ind1=" " ind2="7">
    <subfield code="a">Slovak fiction</subfield>
    <subfield code="2">SNKPHeng</subfield>
    <subfield code="9">1695</subfield>
  </datafield>
  <datafield tag="958" ind1=" " ind2=" ">
    <subfield code="a">LX</subfield>
  </datafield>
  <datafield tag="952" ind1=" " ind2=" ">
    <subfield code="0">0</subfield>
    <subfield code="1">0</subfield>
    <subfield code="2">udc</subfield>
    <subfield code="4">0</subfield>
    <subfield code="7">0</subfield>
    <subfield code="8">K</subfield>
    <subfield code="a">10000</subfield>
    <subfield code="b">10000</subfield>
    <subfield code="d">2022-10-11</subfield>
    <subfield code="g">5.00</subfield>
    <subfield code="i">21781</subfield>
    <subfield code="l">6</subfield>
    <subfield code="o">B10590</subfield>
    <subfield code="p">B10590</subfield>
    <subfield code="r">2025-03-18</subfield>
    <subfield code="s">2025-02-28</subfield>
    <subfield code="w">2022-10-11</subfield>
    <subfield code="y">KLDO</subfield>
  </datafield>
</record>
